English verbs and tenses : Intermediate
שמור ב:
| מחבר ראשי: | |
|---|---|
| פורמט: | ספר |
| שפה: | Undetermined |
| יצא לאור: |
Oxford
Oxford Univ. Press
2003
|
| נושאים: | |
| תגים: |
הוספת תג
אין תגיות, היה/י הראשונ/ה לתייג את הרשומה!
|
| Thư viện lưu trữ: | Trung tâm Học liệu Trường Đại học Cần Thơ |
|---|
| LEADER | 00547nam a2200217Ia 4500 | ||
|---|---|---|---|
| 001 | CTU_65696 | ||
| 008 | 210402s9999 xx 000 0 und d | ||
| 020 | |c 74000 | ||
| 082 | |a 425 | ||
| 082 | |b B774 | ||
| 100 | |a Bourke, Kenne | ||
| 245 | 0 | |a English verbs and tenses : | |
| 245 | 0 | |b Intermediate | |
| 245 | 0 | |c Kenne Bourke | |
| 260 | |a Oxford | ||
| 260 | |b Oxford Univ. Press | ||
| 260 | |c 2003 | ||
| 650 | |a English language | ||
| 650 | |x Tense | ||
| 904 | |i Minh,Qhieu sửa | ||
| 980 | |a Trung tâm Học liệu Trường Đại học Cần Thơ | ||